书目信息 |
| 题名: |
《资本论》提要
|
|
| 作者: | 张薰华 , 洪远朋 著 | |
| 分册: | 第一册 | |
| 出版信息: | 上海 上海人民出版社 1983 |
|
| 页数: | 3册 | |
| 开本: | 21cm | |
| 丛书名: | ||
| 单 册: | ||
| 中图分类: | A811.23 , A81 | |
| 科图分类: | ||
| 主题词: | 马克思著作研究-资本论 , 马克思主义政治经济学--研究 | |
| 电子资源: | ||
| ISBN: | ||
| 000 | 00769nam0 2200289 45 | |
| 001 | 1259412609 | |
| 005 | 20090929162449.84 | |
| 010 | @dCNY1.05 | |
| 091 | @aCN@b4074.397 | |
| 100 | @a19950524d1983 emky0chiy0121 ea | |
| 101 | 0 | @achi |
| 102 | @aCN@b310000 | |
| 105 | @ay z 000yy | |
| 200 | 12 | @a《资本论》提要@A《 zi ben lun》 ti yao@f张薰华,洪远朋著@h第一册 |
| 205 | @a2版 | |
| 210 | @a上海@c上海人民出版社@d1983 | |
| 215 | @a3册@d21cm | |
| 605 | @a资本论-马克思著作研究 | |
| 606 | 0 | @a马克思著作研究-资本论 |
| 606 | 0 | @a马克思主义政治经济学@x研究 |
| 690 | @aA811.23@v3 | |
| 690 | @aA81@v4 | |
| 701 | 0 | @a张薰华@Azhang xun hua@4著 |
| 701 | 0 | @a洪远朋@Ahong yuan peng@4著 |
| 801 | 0 | @aCN@bTSSF |
| 801 | 2 | @aCN@bNLC |
| 905 | @a10447@dA81@eJY8:1 | |
| 《资本论》提要/张薰华,洪远朋著.第一册.-2版.-上海:上海人民出版社,1983 |
| 3册;21cm |
| ISBN :CNY1.05 |
| ● |
| 相关链接 |
|
|
|
|
正题名:《资本论》提要
索取号:A81/JY8:1
 
预约/预借
| 序号 | 登录号 | 条形码 | 馆藏地/架位号 | 状态 | 备注 |
| 1 | 7809458 | 278094580 | 学院路分馆/ [索取号:A81/JY8:1] | 在馆 | |
| 2 | 7809459 | 278094599 | 学院路分馆/ [索取号:A81/JY8:1] | 在馆 |